| 000 | 00774nam a22002057a 4500 | ||
|---|---|---|---|
| 999 |
_c9868 _d9868 |
||
| 003 | AR-CdUCM | ||
| 008 | 190328b ||||| |||| 00| 0 spa d | ||
| 040 |
_aMUNICIPALIDAD PROVINCIAL DEL CUSCO _cBIBLIOTECA MUNICIPAL DEL CUSCO |
||
| 082 |
_a891 / _bIL38 L / 1944 |
||
| 100 |
_aIlin, M _91987 |
||
| 245 |
_aLas montañas y los hombres : _bocho relatos sobre la transformación de la naturaleza / |
||
| 260 |
_aLa Plata : _bCalomino, _c1944. |
||
| 300 |
_a221 paginas ; _c18 cm. |
||
| 505 | _aContenido : Transformación del desierto -- La llegada del amo -- La patria del trigo -- La creación de las plantas -- El mapa vivo... | ||
| 650 |
_aMontanas _9629 |
||
| 650 |
_aGeografía _9318 |
||
| 650 |
_aNaturaleza del hombre _911924 |
||
| 942 |
_2ddc _cLIBROS |
||
| 945 | _awnts | ||